000
00294nam a22001337a 4500
008
170502b xxu||||| |||| 00| 0 eng d
020
_a
9780840388469
041
_a
eng
080
_a
342
100
_a
13
101
_a
SHJ
245
_a
EDUCATION FOR DEMOCRACY
_c
BARBER.B.R
942
_2
udc
_c
BK
999
_c
12379
_d
12379